00930nam a22002537a 450000500170000001000130001702000230003002000260005303500130007903700160009204000120010808200200012010000320014024500850017226000450025727000420030230000310034450000520037565000280042765000270045594200290048299900190051195201460053020170124110005.0 aB-098401 c500.00a8122006450 c500.00a9788122006452 aB-098401 bCen Lib/Ret aDPLbEN a355.033554bSUN aSundarji, General K.987341 aVision 2100 :cby General K. Sundarjiba strategy for the twenty-first century / aDelhibKonark Publishers Pvt. Ltd c2003 aA-149, main Vikas MargbDelhie110092 axl,268p. :c23cm(Hb)bill. aIncludes bibliographical references and index.  a Military policy987342 aNuclear warfare987343 2ddccENh355.033554mSUN c126164d126164 00104070aLbLd2015-06-24eCen Lib/Retg500.00l1m1o355.033554 SUNpB-098401r2023-11-08 00:00:00s2023-10-18t1v500.00w2015-06-24yEN